| 000 | 00000nam##2200000za#4500 |
| 001 | 9.642610 |
| 003 | CaOODSP |
| 005 | 20220328113321 |
| 007 | cr ||||||||||| |
| 008 | 150407|2002||||xxc|||||o f|0| 0 fre|d |
| 040 | |aCaOODSP|bfre |
| 043 | |an-cn--- |
| 086 | 1 |aRG23-98/2002F-PDF |
| 110 | 1 |aCanada. |bIndustrie Canada. |
| 245 | 13|aUn cadre d'évaluation pour les codes volontaires |h[ressource électronique] |
| 260 | |aOttawa - Ontario : |bIndustrie Canada |c[2002]. |
| 300 | |a26p.|btableaux |
| 500 | |aLe n° de catalogue (RG23-98/2002) et l'ISBN (0-662-66485-X) de l'édition imprimée bilingue ont été incorrectement copiés dans l'édition électronique. |
| 590 | |a13-27-Supp|b2013-11-15 |
| 691 | 07|aCode de pratiques|2gcpds |
| 691 | 07|aOrganisme de réglementation|2gcpds |
| 691 | 07|aSecteur privé|2gcpds |
| 775 | 08|tA framework for evaluating voluntary codes |w(CaOODSP)9.698603 |
| 776 | 0#|tA framework for evaluating voluntary codes |w(CaOODSP)9.663653 |
| 776 | 0#|tUn cadre d'évaluation pour les codes volontaires |w(CaOODSP)9.663654 |
| 856 | 40|ahttp://publications.gc.ca|qPDF|s216 Ko|uhttps://publications.gc.ca/collections/collection_2013/ic/RG23-98-2002-fra.pdf |